Statistics for Every Nas Song on the Billboard Hot 100

Click here to take the quiz!

General Stats

  • This quiz has been taken 18 times
    (8 since last reset)
  • The average score is 4 of 23

Answer Stats

#YearSong% Correct
122003I Can
67%
531996If I Ruled The World
67%
322003Made You Look
50%
861999Nas Is Like
33%
921999NAStradamus
33%
422002One Mic
33%
621999Hate Me Now ft. Diddy
17%
972008Hero ft. Keri Hilson
17%
911994It Ain't Hard To Tell
17%
592000You Owe Me ft. Ginuwine
17%
942004Bridging The Gap ft. Olu Dara
0%
962018Cop Shot The Kid ft. Kanye West
0%
872002Got Ur Self A...
0%
351997Head Over Heels (Allure)
0%
412007Hip Hop Is Dead ft. will.i.am
0%
52000Hot Boyz (Missy Elliott) ft. Eve & Q-Tip
0%
102002I'm Gonna Be Alright (Jennifer Lopez)
0%
532009My President (Jeezy)
0%
262001Oochie Wally (QB Finest) ft. Bravehearts
0%
952020Spicy ft. Fivio Foreign & A$AP Ferg
0%
221997Street Dreams
0%
932009Too Many Rappers (Beastie Boys)
0%
882015We Are (Justin Bieber)
0%

Score Distribution

Percentile by Number Answered

Percent of People with Each Score

Your Score History

You have not taken this quiz since the last reset